Culture Générale - Série 2311 - Statistiques

Statistiques générales
  • Ce quiz a été pris 161 fois
  • Le résultat moyen est 6 sur 10
Statistiques - réponses
Question Réponse % Correct
Quel est le titre du film de James Cameron sorti en 1997 avec Kate Winslet et Leonardo DiCaprio ? Titanic
93%
Quel canal relie la mer rouge à la mer méditerranée ? Suez
90%
Quelle était la nationalité de l'écrivain Georges Simenon (1903-1989) ? belge
80%
De quel pays Asuncion est-elle la capitale ? Paraguay
78%
De quel pays est originaire l'animal appelé ornithorynque ? voir photo Australie
76%
Comment appelle-t-on le cri de la grenouille ? coassement
73%
Comment s'appelait lle vice-amiral qui dirigeait la flotte anglaise lors de la bataille de Trafalgar en 1805 ? Horatio Nelson
65%
Dans quel pays a eu lieu la révolte des Boxers (1899-1901) ? Chine
35%
A quel sculpteur doit-on la statue de la liberté ? prénom et nom Auguste Bartholdi
28%
Quel peintre était considéré comme le chef de file du courant expressionniste appelé "fauvisme" ? prénom et nom Henri Matisse
20%
Aucun quiz correspondant
Distribution des résultats
% des personnes avec chaque résultat
Percentile par nombre de réponses
Votre historique - résultats
Vous n’avez pas pris ce quiz